000
00216 a2200097 4500
001
3821
100
_a
Churchill, R.V
245
_a
Complex variables & applications
260
_a
_b
Mcgrawhill
_c
090
_c
3054
_d
3054
942
_a
NUST-CAE
_c
M
_c
22825
999
_c
238894
_d
238894